00717nam a2200241 a 4500001001300000003000900013005001700022008004100039020002300080082001900103100002000122245003400142260003200176300000900208500003500217505001000252650002900262700002000291902000800311942000700319952013200326999001700458nice12345678IN_TiNIC20260116014201.0050524s2004 dela grp 000 0 eng  a8173915 c45000a323.30297bKOM aKomeili, Mahadi aRights of Minorities in Islam aDelhibKanishka Pub. c2004 a190p aincludes index and biblioraphy2 aIndex aMinorities-Islamic State1 aKomeili, Mahadi bSRS cBK 001040708StackRoom-aHMIbHMId2007-04-24g450.00l1o323.30297 KOMp020880r2018-03-08s2018-03-05v450.00w2005-05-24yBK c14228d14228